000 00506ntaaa2200181 4500
003 01
005 20251027201347.0
008 0714s1973 ag 01
040 _aAR-BaBN
_bspa
_cAR-BaBN
_eaacr
_dRIC
082 _a225.0000 C25
100 _aCarver, William Owen
_96982
245 _aWhy they wrote the New Testament
250 _a1 ed. :
_bSunday School Board of the Southern Baptist Convention,
_cc1946
300 _a147 p.
650 _aNuevo Testamento
650 _aBiblia-Nuevo Testamento
942 _cBK
999 _c8113
_d8113